00401nam a2200157Ia 45000010006000000050017000060080041000230410008000640820017000721000040000892450063001292600009001923000028002016500006002296540008002352298020260414150907.0260414t2015||||xx |||||||||||||| ||spa|| aESP a624.171bV47 aVera Lazaro, Alejandro SegundoeAUT 0aAnálisis estructural con matrices :bproblemas resueltos c2015 a422 páginas :c25 cm. a0 aCIC